000 00783nam a2200229Ia 4500
005 20241216010305.0
008 180423s9999||||xx |||||||||||||| ||und||
020 _a9972-707-45-8
082 _a006.42
_bR74
100 _aRODRIGUEZ GARCIA, DENIS ENRIQUE
245 0 _a3D STUDIO MAX 6
_bHERRAMIENTA IDEAL PARA TU IMAGINACION, LA
250 _a0
260 _aLIMA-PERU
_bEMPRESA EDITORA MACRO SRL
_c2004
300 _a482 pag.
_c21.5 cm
341 _h13.021875
490 _v0
_a0
505 _aINICO CON 3D STUDIO MA 6.0/EPLORACION DE ESCENAS/CREACION DE GEOMETRIAS/CONTROL DE OBJETOS/IMPORTAR/SPLINES/ANIMACION/MATERIALES/LUCES Y CAMARAS/RENDER/LABORATORIOS
541 _aC
_bLIBUN
_d02-Aug-07
_odólar
650 _aOBRAS GENERALES
856 _zHumanidades
942 _cLIBRO
999 _c10577
_d10577